Εισαγωγή στη Δημόσια Οικονομική (Record no. 3809)
[ view plain ]
| 000 -LEADER | |
|---|---|
| fixed length control field | 01276cam a22001934a 4500 |
| 005 - ΗΜΕΡΟΜΗΝΙΑ ΚΑΙ ΩΡΑ ΤΕΛΕΥΤΑΙΑΣ ΕΝΗΜΕΡΩΣΗΣ | |
| Πεδίο ελέγχου | 20250605164126.0 |
| 008 - FIXED-LENGTH DATA ELEMENTS--GENERAL INFORMATION | |
| Πεδίο ελέγχου σταθερού μήκους | 250528s ||||||||||||||||||||||||d |
| 035 ## - SYSTEM CONTROL NUMBER | |
| System control number | 18448 |
| 020 ## - ISBN | |
| ISBN | 9602552174 |
| 040 ## - ΠΗΓΗ ΚΑΤΑΛΟΓΟΓΡΑΦΗΣΗΣ | |
| Φορέας πρωτότυπης καταλογογράφησης | MC Athens Campus Library |
| Γλώσσα καταλογογράφησης | Ελληνικά, Μοντέρνα (1453-) |
| Modifying agency | MC Athens Campus Library |
| Κανόνες περιγραφικής καταλογογράφησης | AACR2 |
| 245 1# - ΤΙΤΛΟΣ ΚΑΙ ΔΗΛΩΣΗ ΥΠΕΥΘΥΝΟΤΗΤΑΣ | |
| Τίτλος | Εισαγωγή στη Δημόσια Οικονομική |
| 260 ## - PUBLICATION, DISTRIBUTION, ETC. | |
| Name of publisher, distributor, etc. | Εκδόσεις Κριτική - Επιστημονική Βιβλιοθήκη, |
| Date of publication, distribution, etc. | 1999 |
| 300 ## - PHYSICAL DESCRIPTION | |
| Extent | 392 |
| 520 ## - SUMMARY, ETC. | |
| Summary, etc. | Ο Ρόλος του Δημόσιου και του Ιδιωτικού Τομέα στα Σύγχρονα Οικονομικά Συστήματα, Κρατικός Παρεμβατισμός και κατά Pareto Αριστοποίηση, Δημόσια Αγαθά και Εξωτερικές Οικονομίες, Δημόσιες Επιχειρήσεις, Κρατικός Προϋπολογισμός, Γενική Θεωρία των Φόρων, Οι Επιπτώσεις των Φόρων, Δημόσιες Δαπάνες, Ανάλυση Κόστους - Όφελους, Δημοσιονομική Πολιτική Σταθεροποίησης και Μεγέθυνσης, Βιβλιογραφία. |
| 700 1# - ΠΡΟΣΘΕΤΗ ΑΝΑΓΡΑΦΗ--ΦΥΣΙΚΟ ΠΡΟΣΩΠΟ | |
| Personal name | Δαλαμάγκας Βασίλειος |
| 9 (RLIN) | 4712 |
| 942 ## - ADDED ENTRY ELEMENTS (KOHA) | |
| Koha item type | Books |
| Τύπος τεκμηρίου | Βιβλιοθήκη | Τρέχουσα τοποθεσία | Barcode | Αριθμός εισαγωγής | Ημερομηνία απόκτησης | Ταξιθετικό σύμβολο | Αριθμός αντιτύπου | Κατάσταση απόσυρσης | Κατάσταση χαμένου | Κατάσταση κατεστραμμένου | Μη δανεισμός | Σύνολο δανεισμών | Ημερομηνία τελευταίας εμφάνισης | Η τιμή ισχύει από |
|---|---|---|---|---|---|---|---|---|---|---|---|---|---|---|
| Books | MC Athens Campus Library | MC Athens Campus Library | 9780000038081 | 3139 | 05/06/2025 | 336 DAL | 1 | 05/06/2025 | 05/06/2025 |